000
00351 a2200169 4500
001
186479
020
_a
85-08-04715-0
040
_c
Magnum
100
_a
Machado, Ana Maria
240
1
0
_a
Besouro e prata
_l
por
245
1
0
_a
Besouro e prata
300
_a
24
362
0
_a
2001
440
1
_a
Ática
697
_a
LITERATURA INFANTIL
942
_c
BK
999
_c
186479
_d
186479